000 00741nam a2200217 i 4500
001 113430
003 ES-MaACL
005 20250910063114.0
007 t|
008 061121s1945 sp r ||||1| spa d
100 1 _aPalacios, Julio,
_d1891-1970
_988408
245 1 0 _aElectricidad y magnetismo /
_cpor Julio Palacios Martínez ; con un prólogo de Esteban Terradas.
260 _aMadrid :
_bMinisterio del Aire, INTA,
_c1945.
300 _aXVI, 496 p. ;
_c26 cm.
650 0 7 _aElectricidad
_2embne
_912159
650 0 4 _aMagnetismo.
_914735
700 1 _aTerradas, Esteban.
_9109767
710 2 _aInstituto Nacional de Técnica Aeroespacial (España)
_95191
852 _aES-MaACL
_jF-15104
_bR.21772
999 _c113430
_d113430